000 01045nam a22003137a 4500
001 BR7304575
003 BR-BrBNA
005 20230928084039.0
007 ta
008 230509b bl.||||| |||| 00| 0 por d
040 _aBR-BrBNA
_bpor
_cBiblioteca Nacional de Agricultura
041 _a(Por)
072 _aE10
_b0230
_b9320
090 _ 0230 BR7304575
100 1 _aAraujo, P.F.C. de
100 1 _aBrandt, S.A.
100 1 _aEngler, J.J. de C.
110 1 _aEscola Superior de Agricultura Luiz de Queiroz, Piracicaba, SP (Brasil). Depto. de Economia Rural
_94386
245 1 _aProdutividade marginal de recursos na lavoura canavieira em propriedades agricolas de diferentes tamanhos
260 3 _aPiracicaba, SP (Brasil):
_c1966.
300 _a18 p.
500 _a(*) Documento disponível no(a) Instituto do Acucar e do Alcool, Rio de Janeiro, RJ (Brazil)
650 _aCANA DE ACUCAR
650 _aACUCAR
650 _aPRODUTIVIDADE
650 _aPROPRIEDADE RURAL
909 _a202309
_bLucia
_c55
_dLucia Elande
942 _cBK
999 _c16532
_d16532